000 02802nam0a2200373 i 4500
001 RU\NLR\BIBL_A\012059912
005 20260407083014.0
010 _a9785939629287
_9100
021 _aRU
_b2019-45286
_9КН-П-3306
035 _a(RuMoRGB)010018566
035 _a(NLR Aleph) 012059912
090 _a11698335
_c11698335
100 _a20190717d2019 k y0rusy50 ca
101 0 _arus
_deng
102 _aRU
105 _ah|||z|||100zy
200 1 _aДополнительное профессиональное образование как стратегический ресурс развития культуры регионов
_eматериалы V Международной научно-практической конференции (г. Казань, 16 мая 2019 г.)
_fМинистерство культуры Республики Татарстан, Институт дополнительного профессионального образования (повышение квалификации) специалистов социокультурной сферы и искусства
_g[сост.: Е.Б Гоглева, Т.В. Абалимова]
210 _aКазань
_cЦентр инновационных технологий
_cЛогос
_d2019
215 _a198, [2] с.
_d21
300 _aРез. англ.
300 _aНа тит. л. и обл.: ИДПО специалистов социокультурной сферы и искусства, 20 лет
320 _aБиблиогр. в конце ст.
606 _aОбразование в области культуры и искусства
_jСъезды, совещания и т.п
_92484293
_3RU\NLR\AUTH\661474514
606 _aДополнительное образование детей
_jСъезды, совещания и т.п
_92087679
_3RU\NLR\AUTH\661263852
686 1 _aЧ459.7я431
686 1 _aЧ421.387я431
702 1 _aГоглева
_bЕ. Б.
_4220
711 1 2 _a"Дополнительное профессиональное образование как стратегический ресурс развития культуры регионов", международная научно-практическая конференция
_d5
_eКазань
_f2019
_9671614
_3RU\NLR\AUTH\880505851
712 0 2 _aИнститут дополнительного профессионального образования (повышения квалификации) специалистов социокультурной сферы и искусства
_cКазань
_3RU\NLR\AUTH\8810043819
_9587098
942 _cBOOK
980 _aNBR